| 000 | 00555nam a2200169Ia 4500 | ||
|---|---|---|---|
| 008 | 180921t2018 xxu||||| |||| 00| 0 sin d | ||
| 041 | _asin | ||
| 080 |
_a39 _bසමර |
||
| 100 | _aසමරසිංහ, ආර්.පී | ||
| 245 | _aමානව ගෝත්ර සහ සුළු ජන කොට්ඨාශ | ||
| 246 | _aManawa gothra saha sulu jan kottashaya | ||
| 260 |
_bවාසනා _aදංකොටුව _c2018 |
||
| 300 | _bපි.415, සෙ.මී.24 | ||
| 942 | _cBK | ||
| 999 |
_c6878 _d6878 |
||
| 003 | LK-CoDNM | ||
| 040 |
_aLK-CoDNM _dLK-CoDNM _eLK-CoDNM |
||